| 000 | 00708nam a2200217Ia 4500 | ||
|---|---|---|---|
| 008 | 220204s9999 xx 000 0 und d | ||
| 082 |
_a581.13 _bSAR |
||
| 100 | _aLOUGHMAN, B C | ||
| 245 | 0 | _aGenetic aspects of plant nutrition: Proceedings of the First International symposium on genetic aspects of plant nutrition, Belgrade, August 30- September 4, 1982 | |
| 260 |
_aHague _bMartinus Nijhoff _c1983 |
||
| 490 | _aDevelopments in plant and soil sciences. V 8 | ||
| 650 | _aAbsorption | ||
| 650 | _aGenotype | ||
| 650 | _aMineral nutrition | ||
| 650 | _aNitrogen uptake | ||
| 650 | _aPlant growth | ||
| 650 | _aPlant nutrition | ||
| 650 | _aTranslocation | ||
| 700 | _aSARIC, M R | ||
| 942 | _cBK | ||
| 999 |
_c38010 _d38010 |
||